000 00226nam a2200085Ia 4500
008 211105s9999 xx 000 0 und d
020 _a"
100 _a WOODS, Stuart
_9125975
245 4 _aThe prince of beverly Hills : [a novel]
999 _c596191
_d596190